000 01013cam a2200325 a 4500
001 41146
005 20230410101711.0
008 980508s1997 fr ac bc 001 0cfre d
010 _a 99509306
035 _a(OCoLC)ocm39830466
040 _aPUL
_cDLC
035 _a(OCoLC)39830466
042 _alccopycat
043 _anwht---
050 1 4 _a110 N 6606.5
_bG753a 1997
082 0 0 _a709.7294
100 1 _aGrandjean, Michéle.
245 1 0 _aArtistes en Haíti :
_bcent parmi d'autres /
_cMichéle Grandjean.
260 _aMarseille :
_bArt et coeur,
_c[1997]
300 _a117 p. :
_bcol. ill. ;
_c23 x 25 cm.
500 _aErrata sheet inserted between pages 22 and 23.
504 _aIncludes bibliographical references (p. 115) and index.
650 4 _aCEH
650 4 _aColección Estudios Haitianos
650 0 _aArt, Haitian
_y20th century
_vCatalogs.
650 0 _aPrimitivism in art
_zHaiti
_vCatalogs.
650 0 _aArtists
_zHaiti
_vBiography.
942 _2lcc
_cbk
994 _aC0
_bDRFGD
999 _c12329
_d12329